Η μουσουλμάνα στην Ευρωπαϊκή Κοινωνική Πολιτική : εκπαίδευση απασχόληση : πτυχιακή εργασία
Αποθηκεύτηκε σε:
| Κύριος συγγραφέας: | |
|---|---|
| Συγγραφή απο Οργανισμό/Αρχή: | |
| Άλλοι συγγραφείς: | |
| Μορφή: | Thesis Βιβλίο |
| Γλώσσα: | Greek |
| Δημοσίευση: |
Μυτιλήνη :
Πανεπιστήμιο Αιγαίου, Τμήμα Κοινωνιολογίας,
2005
|
| Θέματα: | |
| Ετικέτες: |
Προσθήκη ετικέτας
Δεν υπάρχουν, Καταχωρήστε ετικέτα πρώτοι!
|
MARC
| LEADER | 00000cam a2200000 i 4500 | ||
|---|---|---|---|
| 001 | 1/27776 | ||
| 008 | 060406s2005 gre d | ||
| 035 | |l 10083485 | ||
| 040 | |a GR-MY-UA |b gre |e aacr | ||
| 041 | 0 | |a gre | |
| 082 | 0 | |a 305.42 |2 (22) | |
| 100 | 1 | |a Τσιούφα, Ιφιγένεια. | |
| 245 | 1 | 2 | |a Η μουσουλμάνα στην Ευρωπαϊκή Κοινωνική Πολιτική : |b εκπαίδευση απασχόληση : πτυχιακή εργασία / |c Τσιούφα Ιφιγένεια ; υπεύθυνος καθηγητής Π. Γρηγορίου |
| 260 | |a Μυτιλήνη : |b Πανεπιστήμιο Αιγαίου, Τμήμα Κοινωνιολογίας, |c 2005 | ||
| 300 | |a 65 σ.; |b πιν.; |c 30 εκ. | ||
| 502 | |a Πτυχιακή εργασία – Πανεπιστήμιο Αιγαίου, Λέσβος, 2004. | ||
| 504 | |a Βιβλιογραφία: σ. 61-65 | ||
| 650 | 0 | 0 | |a Muslim women |z Europe. |
| 650 | 0 | 0 | |a Muslim women |z Europe |x social conditions. |
| 650 | 0 | 0 | |a Muslim women |x Education |z Europe. |
| 650 | 0 | 0 | |a Dissertations, Academic |z Greece. |
| 700 | 1 | |a Γρηγορίου, Πάνος, |e dgs [Επιβλέπων καθηγητής] | |
| 710 | 2 | |a Πανεπιστήμιο Αιγαίου |b Σχολή Κοινωνικών Επιστημών |b Τμήμα Κοινωνιολογίας. | |
| 852 | |a INST |b LESVOS |c DIATR |e 20060406 |h 247 |p 005100035534 |q 005100035534 |t DIE |y 23 | ||
| 852 | |a INST |b LESVOS |c DIATR |e 20060406 |h 248 |p 005100035362 |q 005100035362 |t DIE |y 23 | ||
| 901 | |a BIBL1-2006-1 | ||
| 909 | |a Λ |b 126257 | ||
| 909 | |a Λ |b 126258 | ||
| 924 | |a ΤΣΙΟΥΦΑ |b ΙΦΙΓΕΝΕΙΑ |y ΛΕΣΒΟΣ |z 2006-04 | ||
| 970 | |a ΜΑΡΙΝΑΤΟΥ |b ΜΥΡΣΙΝΗ |z 2006/04/06 | ||